Associez 20 films au bon dialogue - Statistiques

Statistiques générales
  • Ce quiz a été pris 295 fois
  • Le résultat moyen est 8 sur 20
Statistiques - réponses
Hint Réponse % Correct
- Tu sais combien d’ hommes j’ai perdu sous mon commandement ?
- Combien ?
- 94. Mais ça veut dire que j’ai sauvé la vie de 10 fois plus d’hommes, tu vois, peut- être même 20 fois plus d’hommes… C’ est aussi simple que ça, c’est comme ça qu’on se donne bonne conscience d’avoir choisi entre la mission et les hommes.
- Sauf que cette fois la mission est un homme.
Il faut sauver le soldat Ryan (1998)
78%
- S’il vous plaît patron, me mettez pas ça sur la figure, me mettez pas dans le noir, j’ai peur dans le noir.
- D’accord John.
La Ligne Verte (1999)
72%
- J’ai voulu voir si j’avais le pied marin.
- Mais vous n’avez plus de pieds Lieutenant Dan.
- Ça je sais.
Forrest Gump (1994)
63%
- Disneyland aussi a eu quelques difficultés à ses débuts !
- Oui mais, John, quand les pirates des Caraïbes se détraquaient, ils ne dévoraient pas les touristes !
Jurassic Park (1993)
56%
- Pourquoi vous me regardez comme ça ?
- Votre train a déraillé, une défaillance mécanique. On a retrouvé que deux survivants jusqu’ici : vous et cet homme. Il avait le crane ouvert et tout le côté gauche écrasé. Et pour répondre à votre question je vous regarde comme ça pour deux raisons : la première c’est parce qu’apparemment dans quelques minutes vous serez officiellement le seul survivant de cet accident, et la deuxième c’est parce que vous n’avez rien de cassé, vous n’avez aucune égratignure.
Incassable (2000)
52%
- De quoi il parle votre nouveau bouquin ?
- C’est l’histoire d’un flic, amoureux de la femme qu’il lui faut pas.
- Et qu’est-ce qui se passe ?
- Elle le tue.
Basic Instinct (1992)
49%
- Ils flottent tous en bas ?
- Ah oui. Ils flottent, Georgie. Ils flottent !
Et quand tu seras en bas, avec moi, TU FLOTTERAS, TOI AUSSI !
Ça (1990)
49%
- Tu l’aimes ta plante hein !
- C’est ma meilleure amie. Toujours de bonne humeur, jamais de questions… Et puis, elle est comme moi tu vois, pas de racines.
Leon (1994)
49%
- La prime pour la capture de cet homme est de 5000 dollars.
- Un certain Judas a trouvé que 30 dollars c’était tout à fait suffisant.
- Il n’y avait pas de dollars à cette époque là.
- Mais des fils de putes ça il y en avait.
Il était une fois dans l’ouest (1968)
47%
- Les suisses font ça pour se motiver au départ !
- C’est pas une raison ! Ils fabriquent aussi des couteaux on… on va pas tout faire comme eux !
Rasta rockett (1993)
46%
- Où sont les hommes ?
- À Ostie ; ils s’ennuient et s’empâtent.
- Quand seront-ils prêts ?
- Pour toi ? Demain !
Gladiator (2000)
44%
- Ah !
- Faites gaffe bon dieu ! C’est d’l’air comprimé qu’y’ là-dedans !
- Qu’est-ce que c’est que ce nœud à la con qu’vous avez fait !
- Vous l’avez pris par le mauvais bout ! Si vous déconnez avec ces bouteilles, nous allons tous filer ad patres !
Les Dents de la mer (1975)
33%
- Mais qui êtes vous ?
- La question n’est pas de savoir qui je suis, mais où je suis.
Scream (1996)
33%
- Moi je choisis mes programmes, c’est différent, je ne regarde pas n’importe quoi ! Ahahah !
- Oh, on est d’accord de toutes les émissions c’est la mienne que je regarde le moins… Forcément, haha !
- Ah ouais ! Nan mais c’est pas une excuse, personne n’aime manger sa merde hein !
Le Pari (1997)
32%
- Je te charge d’un vrai boulot. À l’atelier de menuiserie, c’est un boulot payé.
- Combien ?
- 25 cents de l’heure.
- Y’a pas à dire, le crime ça paye.
- Oui, et ça occupe.
L’évadé d’Alcatraz (1979)
27%
- T’as pas saupoudré le bon champ.
- Tu es sur ?
Independance Day (1996)
22%
- Tu sais ce qui se passera si tu retournes en taule…
- J’enculerai ton père sous la douche et j’me f’rai un sandwich ! Alors tu m’emballes connard ?
The Usual Suspects (1995)
22%
- Et quand je marche dans la vallée je ne crains pas la mort…
- Tu peux pas marcher plus vite dans ta putain de vallée !
Titanic (1997)
16%
- La seule chose que je supporte mal, c’est leurs divagations. Quand ils sont partis dans leur délire.
- Vous n’avez aucun souci à vous faire. Celui-là n’a pas dit un mot depuis au moins 15 ans.
Halloween (1978)
14%
- Vous voulez qu’on éventre la rue et qu’on abatte une tour en vingts minutes ?
- Non 19 maintenant.
Volcano (1997)
10%
Aucun quiz correspondant
Distribution des résultats
% des personnes avec chaque résultat
Percentile par nombre de réponses
Votre historique - résultats
Vous n’avez pas pris ce quiz